| 000 | 00539nam a2200181 i 4500 | ||
|---|---|---|---|
| 001 | 38742 | ||
| 003 | ES-MaACL | ||
| 005 | 20250817065058.0 | ||
| 007 | t| | ||
| 008 | 030226s1917 xxk ||||1| eng d | ||
| 100 | 1 |
_aCalvert, Albert F. _933801 |
|
| 245 | 1 | 0 |
_aMurillo _b: a biography and appreciation / _cby Albert F. Calvert. |
| 260 |
_aLondon : _bJohn Lane, _c1917. |
||
| 300 |
_aXIII, 186 p., 165 grab. ; _c20 cm. |
||
| 600 | 1 | 4 |
_aMurillo, Bartolomé Esteban, _d1617-1682 _984581 |
| 852 |
_aES-MaACL _jF-387 |
||
| 999 |
_c38742 _d38742 |
||